| Tag |
First Indicator |
Second Indicator |
Subfields |
| LEADER |
00000cgm a22000001 4500 |
| 001 |
in00003495621 |
| 005 |
20190407115013.0 |
| 006 |
m o c |
| 007 |
cr cna |
| 007 |
vz czazuu |
| 008 |
120116s2011 dcu046 o s vleng d |
| 035 |
|
|
|a (DcWaAPA)apa08148484
|
| 040 |
|
|
|a DcWaAPA
|d UtOrBLW
|
| 050 |
|
4 |
|a RC537
|b .A87 2011
|
| 245 |
0 |
0 |
|a Assimilative psychodynamic integration with a female African American unemployed client.
|n (Session 4 of 5).
|
| 264 |
|
1 |
|a [Washington, D.C.] :
|b American Psychological Association,
|c 2011.
|
| 300 |
|
|
|a 1 streaming video file (45 min., 57 sec.)
|
| 336 |
|
|
|a two-dimensional moving image
|b tdi
|2 rdacontent
|
| 337 |
|
|
|a computer
|b c
|2 rdamedia
|
| 338 |
|
|
|a online resource
|b cr
|2 rdacarrier
|
| 347 |
|
|
|a video file
|2 rda
|
| 520 |
|
|
|a Clinical psychologist George Stricker conducts the fourth of five sessions with a middle-aged African American female client. The client initially presented with depressive symptoms following a divorce and a period of unemployment. The therapist works from an assimilative psychodynamic integration approach, initially checking in with the client on completion of a questionnaire -- in which she indicates a favorable relationship with the therapist and improvement in her condition -- and asks about direction for the remaining sessions. Working from this base, Dr. Stricker intersperses confrontation about the client's job search efforts with validating statements of her emotional experience and accomplishments. Following the therapist's mention of termination of the therapy and his more concerted focus on the client's homework exercises and employment goals, her defenses and somatization become increasingly evident. The therapist works with the client's defenses through a combination of greater silence, redirection to the client's emotional experience versus physical symptoms, and occasional empathic statements to maintain the alliance.
|
| 538 |
|
|
|a Mode of access: World Wide Web.
|
| 500 |
|
|
|a Slide.
|
| 650 |
|
0 |
|a Depression, Mental
|x Treatment.
|
| 650 |
|
0 |
|a Depression in women.
|
| 650 |
|
0 |
|a African Americans
|x Mental health.
|
| 650 |
|
0 |
|a Psychodynamic psychotherapy.
|
| 650 |
|
2 |
|a Depression
|x therapy.
|
| 650 |
|
2 |
|a African Americans
|x psychology.
|
| 655 |
|
7 |
|a Short films.
|2 lcgft
|
| 655 |
|
7 |
|a Nonfiction films.
|2 lcgft
|
| 655 |
|
7 |
|a Internet videos.
|2 lcgft
|
| 655 |
|
0 |
|a Streaming videos.
|
| 700 |
1 |
|
|a Stricker, George.
|
| 710 |
2 |
|
|a American Psychological Association.
|
| 856 |
4 |
0 |
|u http://proxy.library.tamu.edu/login?url=http://psyctherapy.apa.org/apa/view/777700403-001
|z Connect to this online video
|t 0
|
| 999 |
|
|
|a MARS
|
| 999 |
f |
f |
|s 12fdbbdb-b549-3bbc-9bf8-7de1580de363
|i f5376800-3e8d-3c0a-b91b-a859eabcf595
|t 0
|
| 952 |
f |
f |
|a Texas A&M University
|b College Station
|c Electronic Resources
|d Available Online
|t 0
|e RC537 .A87 2011
|h Library of Congress classification
|
| 998 |
f |
f |
|a RC537 .A87 2011
|t 0
|l Available Online
|